[Event "1er 0pen des Pays de Champagne - open A"]
[Site "Recy"]
[Date "2010.05.13"]
[Round "2.7"]
[White "Petit, Christian Marie"]
[Black "Louis, Andre"]
[Result "1-0"]
[WhiteElo "1790"]
[BlackElo "1838"]
[PlyCount "111"]
[EventDate "2010.05.??"]
[EventType "swiss"]
[EventRounds "6"]
[EventCountry "FRA"]

1. c4 e5 2. Nc3 Nf6 3. Nf3 Nc6 4. d3 d6 5. g3 g6 6. Bg2 Bg7 7. O-O O-O 8. a3
Rb8 9. Rb1 Be6 10. b3 h6 11. h3 Qc8 12. Kh2 Rd8 13. e4 a6 14. Nd5 Bxd5 15. cxd5
Ne7 16. Be3 Kh7 17. Rc1 Qd7 18. Nd2 c6 19. dxc6 Nxc6 20. f4 exf4 21. Bxf4 Ne5
22. Nf3 Nh5 23. Be3 Qb5 24. d4 Nd7 25. Rf2 Rbc8 26. Rxc8 Rxc8 27. Nd2 Rc3 28.
Rf3 Qc6 29. e5 Qc7 30. exd6 Qc8 31. Ne4 Rc6 32. Rxf7 Rc2 33. Rxd7 Rxg2+ 34.
Kxg2 Qxd7 35. Qc2 Qe6 36. Qd3 Qd5 37. Kh2 Bf8 38. Bf4 Bg7 39. Be3 Kh8 40. b4 g5
41. Bf2 Be5 42. Qe3 Bg7 43. Nc5 Nf6 44. d7 Nxd7 45. Qe8+ Nf8 46. Qe4 Qf7 47.
Kg2 Qa2 48. Nxb7 Qxa3 49. d5 Qb2 50. Nc5 a5 51. bxa5 Bc3 52. a6 Qb5 53. Bd4+
Kg8 54. Bxc3 Qxc5 55. Qd4 Qxd4 56. Bxd4 1-0

[Event "1er 0pen des Pays de Champagne - open A"]
[Site "Recy"]
[Date "2010.05.14"]
[Round "3.1"]
[White "Neuhauser, Salome"]
[Black "Mancini, Mario"]
[Result "1-0"]
[WhiteElo "2023"]
[BlackElo "2242"]
[PlyCount "83"]
[EventDate "2010.05.??"]
[EventType "swiss"]
[EventRounds "6"]
[EventCountry "FRA"]

1. e4 e5 2. Bc4 Nf6 3. d3 Nc6 4. Nc3 Bb4 5. Bg5 h6 6. Bxf6 Bxc3+ 7. bxc3 Qxf6
8. Ne2 d6 9. d4 O-O 10. O-O Be6 11. Bb5 Na5 12. f4 Bg4 13. Qd2 Bxe2 14. Bxe2
Qe7 15. Rae1 b6 16. f5 Qf6 17. Rf3 c6 18. Bf1 Rfe8 19. d5 cxd5 20. Qxd5 Rac8
21. Rd1 Red8 22. Qb5 Rc7 23. Qa6 Rdc8 24. Rfd3 Rxc3 25. Rxd6 Qg5 26. Bd3 R3c7
27. Qb5 Nc6 28. Qd5 Nd4 29. Rd7 Rxd7 30. Qxd7 Rd8 31. Qc7 Rf8 32. Kh1 Qf6 33.
Qxa7 Qc6 34. Rb1 Ra8 35. Qe7 Rxa2 36. Qxe5 Qf6 37. Qe8+ Kh7 38. e5 Qg5 39. f6+
Nf5 40. Rf1 Kg6 41. e6 Qxf6 42. exf7 1-0

[Event "1er 0pen des Pays de Champagne - open A"]
[Site "Recy"]
[Date "2010.05.14"]
[Round "3.2"]
[White "Zeroual, Mohamed"]
[Black "Beranger, Nicolas"]
[Result "1-0"]
[WhiteElo "1945"]
[BlackElo "2180"]
[PlyCount "96"]
[EventDate "2010.05.??"]
[EventType "swiss"]
[EventRounds "6"]
[EventCountry "FRA"]

1. Nf3 d5 2. c4 c6 3. e3 Bf5 4. Nc3 Nf6 5. d4 e6 6. Bd3 Bxd3 7. Qxd3 dxc4 8.
Qxc4 Nbd7 9. O-O Rc8 10. Qe2 Bd6 11. e4 Bb8 12. e5 Nd5 13. Ne4 c5 14. dxc5 Nxe5
15. Nxe5 Bxe5 16. Rd1 O-O 17. Qh5 Qc7 18. Rb1 f5 19. Ng5 Nf6 20. Qh3 Rfe8 21.
b4 b6 22. Be3 h6 23. Nf3 Nd5 24. Nxe5 Qxe5 25. Bd4 Qc7 26. Re1 e5 27. Qxf5 Nxb4
28. Bxe5 Qxc5 29. Qg4 Qe7 30. Qxb4 Qxb4 31. Rxb4 Rxe5 32. Rbb1 Rxe1+ 33. Rxe1
Rc2 34. Ra1 b5 35. g4 a5 36. Kg2 b4 37. Kg3 Rc3+ 38. Kg2 Ra3 39. Rc1 Rxa2 40.
h4 b3 41. g5 hxg5 42. hxg5 Rc2 43. Rd1 Kh7 44. Kg3 b2 45. Rb1 a4 46. f4 a3 47.
f5 Rc1 48. Rxb2 axb2 1-0

[Event "1er 0pen des Pays de Champagne - open A"]
[Site "Recy"]
[Date "2010.05.14"]
[Round "3.3"]
[White "Petit, Christian Marie"]
[Black "Rouffignac, Tanguy"]
[Result "0-1"]
[WhiteElo "1790"]
[BlackElo "1897"]
[PlyCount "44"]
[EventDate "2010.05.??"]
[EventType "swiss"]
[EventRounds "6"]
[EventCountry "FRA"]

1. e4 e5 2. Nc3 Nf6 3. Nf3 Nc6 4. d4 exd4 5. Nxd4 Bb4 6. Nxc6 bxc6 7. Qf3 Qe7
8. Bd2 O-O 9. Bd3 d5 10. O-O-O Bg4 11. Qg3 Bxd1 12. Kxd1 d4 13. e5 Nh5 14. Qh3
dxc3 15. bxc3 g6 16. cxb4 Qxe5 17. Re1 Qa1+ 18. Ke2 Rfe8+ 19. Kf1 Rxe1+ 20.
Bxe1 Re8 21. Be2 Nf4 22. Qd7 Rxe2 0-1

[Event "1er 0pen des Pays de Champagne - open A"]
[Site "Recy"]
[Date "2010.05.14"]
[Round "3.6"]
[White "Barreaud, Samuel"]
[Black "Parisot, Anthony"]
[Result "0-1"]
[WhiteElo "1860"]
[BlackElo "1657"]
[PlyCount "56"]
[EventDate "2010.05.??"]
[EventType "swiss"]
[EventRounds "6"]
[EventCountry "FRA"]

1. e4 Nf6 2. e5 Nd5 3. Bc4 Nb6 4. Bb3 d6 5. h3 Bf5 6. Nf3 Nc6 7. exd6 exd6 8.
O-O Be7 9. c3 O-O 10. d4 Bf6 11. Bf4 Re8 12. Nbd2 Qd7 13. Bg5 Bxg5 14. Nxg5 Re7
15. Re1 Rae8 16. Rxe7 Rxe7 17. Nf1 h6 18. Nf3 Qe8 19. Ne3 Bh7 20. Qd2 Nd7 21.
Ng4 Re2 22. Nxh6+ gxh6 23. Qxh6 Bg6 24. h4 Qe4 25. h5 Bh7 26. Bxf7+ Kh8 27. Ng5
Qf5 28. Bg6 Qxf2+ 0-1

[Event "1er 0pen des Pays de Champagne - open A"]
[Site "Recy"]
[Date "2010.05.14"]
[Round "3.7"]
[White "Gaubert, Virginie"]
[Black "Barat, Jacques"]
[Result "1/2-1/2"]
[WhiteElo "1664"]
[BlackElo "1810"]
[PlyCount "48"]
[EventDate "2010.05.??"]
[EventType "swiss"]
[EventRounds "6"]
[EventCountry "FRA"]

1. c4 Nf6 2. Nc3 g6 3. g3 Bg7 4. Bg2 O-O 5. e4 e5 6. Nge2 d6 7. O-O Bg4 8. d3
c6 9. Bg5 Qc7 10. Rc1 Nbd7 11. Qc2 h6 12. Be3 b6 13. d4 a6 14. b4 exd4 15. Nxd4
c5 16. bxc5 dxc5 17. Nb3 Ne5 18. Nd5 Nxd5 19. exd5 Nf3+ 20. Kh1 Qd7 21. Qe4
Rae8 22. Qd3 Ne5 23. Qd2 Nf3 24. Qd3 Ne5 1/2-1/2

[Event "1er 0pen des Pays de Champagne - open A"]
[Site "Recy"]
[Date "2010.05.14"]
[Round "3.8"]
[White "Guillart, Johan"]
[Black "Rodier, Patrick"]
[Result "1-0"]
[WhiteElo "1810"]
[BlackElo "1430"]
[PlyCount "85"]
[EventDate "2010.05.??"]
[EventType "swiss"]
[EventRounds "6"]
[EventCountry "FRA"]

1. e4 d6 2. d4 Nf6 3. Nc3 g6 4. Nf3 Bg7 5. Be2 O-O 6. O-O Nc6 7. Bf4 Nd7 8. Qd2
a6 9. Rad1 b5 10. Bh6 e6 11. Bxg7 Kxg7 12. d5 Nce5 13. Nxe5 Nxe5 14. Qd4 f6 15.
f4 c5 16. dxc6 Nxc6 17. Qxd6 Qxd6 18. Rxd6 Bb7 19. Bf3 e5 20. Ne2 Rad8 21. Rfd1
Rxd6 22. Rxd6 Rd8 23. fxe5 fxe5 24. Rd3 Kf6 25. Kf2 a5 26. a3 Bc8 27. Ke3 Be6
28. Rxd8 Nxd8 29. Nc3 b4 30. axb4 axb4 31. Nd5+ Bxd5 32. exd5 Ke7 33. c3 bxc3
34. bxc3 Kd6 35. c4 Nb7 36. Be2 Nc5 37. h4 Kd7 38. Bg4+ Ke7 39. Bd1 Kd6 40. Bc2
Ke7 41. Kf3 h6 42. Bxg6 Kf6 43. Bc2 1-0

[Event "1er 0pen des Pays de Champagne - open A"]
[Site "Recy"]
[Date "2010.05.14"]
[Round "3.9"]
[White "Dhaynaut, Gilles"]
[Black "Delmont, Jean Robert"]
[Result "0-1"]
[WhiteElo "1730"]
[BlackElo "1974"]
[PlyCount "43"]
[EventDate "2010.05.??"]
[EventType "swiss"]
[EventRounds "6"]
[EventCountry "FRA"]

1. c4 c5 2. Nc3 Nc6 3. g3 e5 4. Nf3 f5 5. d3 Be7 6. Bg2 Nf6 7. O-O d6 8. a3 O-O
9. Rb1 Qe8 10. b4 Qh5 11. b5 Nd8 12. Bg5 Be6 13. Bxf6 Bxf6 14. e3 e4 15. dxe4
Bxc3 16. Qxd6 fxe4 17. Nd2 Bxd2 18. Qxd2 Bxc4 19. Rfc1 Bd3 20. Ra1 Nf7 21. Qd1
Qxd1+ 22. Rxd1 0-1

[Event "1er 0pen des Pays de Champagne - open A"]
[Site "Recy"]
[Date "2010.05.14"]
[Round "3.10"]
[White "Louis, Andre"]
[Black "Vanderme, Yohann"]
[Result "1-0"]
[WhiteElo "1838"]
[BlackElo "1470"]
[PlyCount "63"]
[EventDate "2010.05.??"]
[EventType "swiss"]
[EventRounds "6"]
[EventCountry "FRA"]

1. e4 d6 2. d4 Nf6 3. Nc3 g6 4. f4 Bg7 5. Nf3 O-O 6. Bd3 c5 7. dxc5 dxc5 8. O-O
Nc6 9. Be3 b6 10. h3 Bb7 11. e5 Nd5 12. Nxd5 Qxd5 13. c3 Rad8 14. Bc2 Qc4 15.
Qe1 e6 16. Bb3 Qb5 17. Nd2 Na5 18. Qf2 Rd7 19. Rab1 Nxb3 20. axb3 Rfd8 21. Rfd1
Bf8 22. Ra1 a6 23. c4 Qc6 24. Re1 Rd3 25. Re2 b5 26. Rc1 Be7 27. b4 Bh4 28.
Qxh4 Rxe3 29. Qxd8+ Kg7 30. Qf6+ Kg8 31. Qd8+ Kg7 32. cxb5 1-0

[Event "1er 0pen des Pays de Champagne - open A"]
[Site "Recy"]
[Date "2010.05.14"]
[Round "4.1"]
[White "Rouffignac, Tanguy"]
[Black "Neuhauser, Salome"]
[Result "0-1"]
[WhiteElo "1897"]
[BlackElo "2023"]
[PlyCount "74"]
[EventDate "2010.05.??"]
[EventType "swiss"]
[EventRounds "6"]
[EventCountry "FRA"]

1. e4 c5 2. Nf3 Nc6 3. Nc3 g6 4. d4 cxd4 5. Nxd4 Bg7 6. Be3 Nf6 7. Bc4 d6 8. f3
Bd7 9. Qd2 Qc7 10. Bb3 Ne5 11. O-O-O Nc4 12. Bxc4 Qxc4 13. Kb1 h5 14. h4 Rc8
15. Bg5 b5 16. Nb3 O-O 17. Bxf6 Bxf6 18. Nd5 Be6 19. Nxf6+ exf6 20. g4 hxg4 21.
h5 g5 22. f4 gxf4 23. Qxf4 Kh7 24. h6 Rg8 25. c3 g3 26. Rd4 Qe2 27. Rd2 Qg4 28.
Qe3 Bxb3 29. axb3 Qe6 30. Kc2 Rce8 31. Re1 f5 32. Qf4 Rg4 33. exf5 Rxf4 34.
fxe6 Rxe6 35. Rxe6 fxe6 36. Kd3 Rf3+ 37. Ke4 Rf2 0-1

[Event "1er 0pen des Pays de Champagne - open A"]
[Site "Recy"]
[Date "2010.05.14"]
[Round "4.2"]
[White "Beranger, Nicolas"]
[Black "Rigolot, Lucie"]
[Result "0-1"]
[WhiteElo "2180"]
[BlackElo "1873"]
[PlyCount "108"]
[EventDate "2010.05.??"]
[EventType "swiss"]
[EventRounds "6"]
[EventCountry "FRA"]

1. e4 c5 2. Nf3 d6 3. d4 cxd4 4. Nxd4 Nf6 5. Nc3 a6 6. Be2 e6 7. Be3 Qc7 8. O-O
b5 9. f3 Bb7 10. Rc1 Be7 11. a4 b4 12. Na2 d5 13. c3 b3 14. Qxb3 dxe4 15. Bf4
Qc8 16. Bc4 Bd5 17. Bxd5 Nxd5 18. Bg3 exf3 19. Rxf3 O-O 20. c4 Nf6 21. c5 Nc6
22. Nxc6 Qxc6 23. Qc4 a5 24. Rb3 Rfc8 25. Bf2 Nd7 26. Rb5 Ne5 27. Qc2 Qd5 28.
Nc3 Qd3 29. Ne4 f5 30. Nd2 Qxc2 31. Rxc2 Nc6 32. Nc4 Nb4 33. Rd2 Nd5 34. Rxd5
exd5 35. Nb6 Bf6 36. Nxa8 Rxa8 37. Bg3 g5 38. Bc7 Rc8 39. Bd6 d4 40. Rb8 Rxb8
41. Bxb8 Kf7 42. b3 d3 43. Kf1 Bc3 44. Bd6 Ke6 45. Bf8 Kd5 46. Kf2 Bd4+ 47. Ke1
Bxc5 48. Bh6 Be3 49. h4 Kd4 50. hxg5 Kc3 51. Bg7+ Kxb3 52. Bf6 Kc2 53. Be5 d2+
54. Ke2 d1=Q+ 0-1

[Event "1er 0pen des Pays de Champagne - open A"]
[Site "Recy"]
[Date "2010.05.14"]
[Round "4.3"]
[White "Mancini, Mario"]
[Black "Zeroual, Mohamed"]
[Result "1-0"]
[WhiteElo "2242"]
[BlackElo "1945"]
[PlyCount "75"]
[EventDate "2010.05.??"]
[EventType "swiss"]
[EventRounds "6"]
[EventCountry "FRA"]

1. e4 c5 2. Nf3 Nc6 3. d4 cxd4 4. Nxd4 Nf6 5. Nc3 e6 6. Ndb5 Bb4 7. a3 Bxc3+ 8.
Nxc3 d5 9. exd5 Nxd5 10. Nxd5 exd5 11. Be2 O-O 12. O-O Be6 13. Bd3 Qh4 14. Re1
Rfe8 15. Bd2 Rad8 16. Qf3 Nd4 17. Qf4 Qxf4 18. Bxf4 Bf5 19. Bxf5 Nxf5 20. Rad1
Nd4 21. Rxe8+ Rxe8 22. Be3 Nxc2 23. Bxa7 Re1+ 24. Rxe1 Nxe1 25. Kf1 Nd3 26. Bd4
f6 27. Ke2 Ne5 28. f4 Nc6 29. Kd3 Kf7 30. Bc5 Ke6 31. a4 Kf5 32. b4 Kxf4 33. b5
Ne5+ 34. Kd4 h5 35. a5 g5 36. a6 bxa6 37. bxa6 Nc6+ 38. Kxd5 1-0

[Event "1er 0pen des Pays de Champagne - open A"]
[Site "Recy"]
[Date "2010.05.14"]
[Round "4.4"]
[White "Parisot, Anthony"]
[Black "Guillart, Johan"]
[Result "1/2-1/2"]
[WhiteElo "1657"]
[BlackElo "1810"]
[PlyCount "66"]
[EventDate "2010.05.??"]
[EventType "swiss"]
[EventRounds "6"]
[EventCountry "FRA"]

1. Nf3 b6 2. d4 Nf6 3. c4 Ba6 4. Qc2 e6 5. g3 d5 6. Nbd2 Be7 7. Bg2 O-O 8. O-O
Bb7 9. Ne5 Nfd7 10. Nxd7 Nxd7 11. cxd5 exd5 12. b3 Rc8 13. Bb2 f5 14. e3 Bd6
15. Nc4 Be7 16. Ne5 c5 17. Nxd7 Qxd7 18. dxc5 Rxc5 19. Qd3 Qb5 20. Qxb5 Rxb5
21. Rac1 Rc5 22. Bd4 Rxc1 23. Rxc1 Bd6 24. Bf1 Rc8 25. Rxc8+ Bxc8 26. Bb5 Kf7
27. Kf1 g6 28. Ke2 Ke7 29. Kd3 Bb7 30. Kc3 a6 31. Bd3 b5 32. b4 Bc6 33. a3 Ke6
1/2-1/2

[Event "1er 0pen des Pays de Champagne - open A"]
[Site "Recy"]
[Date "2010.05.14"]
[Round "4.5"]
[White "Barat, Jacques"]
[Black "Defrance, Laurent"]
[Result "1/2-1/2"]
[WhiteElo "1810"]
[BlackElo "2199"]
[PlyCount "33"]
[EventDate "2010.05.??"]
[EventType "swiss"]
[EventRounds "6"]
[EventCountry "FRA"]

1. d4 d5 2. c4 e6 3. Nc3 Nf6 4. Nf3 Be7 5. e3 Nbd7 6. Be2 c6 7. O-O O-O 8. Qc2
dxc4 9. Bxc4 b5 10. Bd3 b4 11. Ne4 Bb7 12. Nxf6+ Nxf6 13. Qe2 c5 14. dxc5 Bxc5
15. Rd1 Qb6 16. b3 Rac8 17. Bb2 1/2-1/2

[Event "1er 0pen des Pays de Champagne - open A"]
[Site "Recy"]
[Date "2010.05.14"]
[Round "4.7"]
[White "Magnier, Christophe"]
[Black "Gaubert, Virginie"]
[Result "0-1"]
[WhiteElo "1780"]
[BlackElo "1664"]
[PlyCount "90"]
[EventDate "2010.05.??"]
[EventType "swiss"]
[EventRounds "6"]
[EventCountry "FRA"]

1. e4 c5 2. Nc3 Nc6 3. Bb5 g6 4. Nf3 Bg7 5. O-O e6 6. Re1 Nge7 7. d3 O-O 8. Be3
Nd4 9. Bxd4 cxd4 10. Ne2 e5 11. c4 Nc6 12. Qd2 d6 13. Ng3 Bg4 14. Ba4 Bxf3 15.
gxf3 Qh4 16. Bxc6 bxc6 17. Kh1 Bh6 18. Qe2 Bf4 19. Rg1 f5 20. Rg2 fxe4 21. Qxe4
Bxg3 22. fxg3 Qxe4 23. fxe4 Rf3 24. Rd2 Raf8 25. Kg2 c5 26. Re1 Kg7 27. Ree2
Rf1 28. Rf2 R8xf2+ 29. Rxf2 Rd1 30. Re2 Rxd3 31. Kf2 Rd1 32. Re1 Rxe1 33. Kxe1
Kf6 34. h4 Ke7 35. a3 a5 36. a4 Kf6 37. Ke2 g5 38. Kf3 gxh4 39. gxh4 Kg6 40.
Kg4 d3 41. Kf3 Kh5 42. Ke3 Kxh4 43. Kxd3 Kg3 44. Ke2 h5 45. Kf1 Kf3 0-1

[Event "1er 0pen des Pays de Champagne - open A"]
[Site "Recy"]
[Date "2010.05.14"]
[Round "4.8"]
[White "Barreaud, Samuel"]
[Black "Louis, Andre"]
[Result "1-0"]
[WhiteElo "1860"]
[BlackElo "1838"]
[PlyCount "75"]
[EventDate "2010.05.??"]
[EventType "swiss"]
[EventRounds "6"]
[EventCountry "FRA"]

1. e4 c5 2. Nf3 Nc6 3. d4 cxd4 4. Nxd4 Nf6 5. Nc3 e5 6. Nxc6 bxc6 7. Bc4 Rb8 8.
O-O d6 9. Bb3 Be7 10. h3 O-O 11. Be3 Qc7 12. Qe2 Be6 13. Rfd1 Rfd8 14. Rd2 Rb4
15. Bg5 h6 16. Bh4 a5 17. Rad1 Bxb3 18. cxb3 Rbb8 19. Rc2 Qb7 20. Rcd2 Qc7 21.
Rd3 Rd7 22. Qd2 Rbd8 23. Bg3 g5 24. h4 gxh4 25. Qxh6 Nh7 26. Bxh4 Bxh4 27. Qxh4
f6 28. Rg3+ Ng5 29. f4 Qa7+ 30. Kf1 Rh7 31. Rxg5+ fxg5 32. Qxg5+ Kf7 33. Qxd8
Rh1+ 34. Ke2 Rh2 35. Qg5 Rh7 36. fxe5 Rg7 37. Rf1+ Kg8 38. Qd8+ 1-0

[Event "1er 0pen des Pays de Champagne - open A"]
[Site "Recy"]
[Date "2010.05.15"]
[Round "5.1"]
[White "Neuhauser, Salome"]
[Black "Beranger, Nicolas"]
[Result "1-0"]
[WhiteElo "2023"]
[BlackElo "2180"]
[PlyCount "77"]
[EventDate "2010.05.??"]
[EventType "swiss"]
[EventRounds "6"]
[EventCountry "FRA"]

1. e4 c6 2. d4 d5 3. exd5 cxd5 4. Bd3 Nc6 5. c3 e5 6. dxe5 Nxe5 7. Bb5+ Nc6 8.
Nf3 Nf6 9. O-O Be7 10. Ne5 Bd7 11. Nxd7 Qxd7 12. Nd2 a6 13. Ba4 b5 14. Bc2 O-O
15. Nf3 Rac8 16. Re1 Rfd8 17. Be3 Qc7 18. Bf5 Rb8 19. Nd4 Ne5 20. Bg5 h6 21.
Bh4 Rb6 22. Rxe5 Ng4 23. Qxg4 Qxe5 24. Bg3 Qf6 25. Bc7 g6 26. Re1 Bc5 27. Bxd8
Qxd8 28. Bc2 b4 29. Ba4 bxc3 30. bxc3 Rb2 31. h3 Qa5 32. Re8+ Kg7 33. Nf5+ Kh7
34. Qf4 Bxf2+ 35. Kh2 gxf5 36. Qxf5+ Kg7 37. Qe5+ f6 38. Re7+ Kg6 39. Be8# 1-0

[Event "1er 0pen des Pays de Champagne - open A"]
[Site "Recy"]
[Date "2010.05.15"]
[Round "5.3"]
[White "Gaubert, Virginie"]
[Black "Mancini, Mario"]
[Result "0-1"]
[WhiteElo "1664"]
[BlackElo "2242"]
[PlyCount "56"]
[EventDate "2010.05.??"]
[EventType "swiss"]
[EventRounds "6"]
[EventCountry "FRA"]

1. c4 e5 2. Nc3 Nf6 3. g3 Bb4 4. Bg2 O-O 5. e4 Nc6 6. Nge2 d6 7. O-O Bg4 8. h3
Bxe2 9. Nxe2 Bc5 10. a3 a5 11. d3 Nd4 12. Rb1 a4 13. Nc3 Qd7 14. Bg5 Ne8 15.
Nd5 f6 16. Bd2 c6 17. Nc3 b5 18. cxb5 cxb5 19. Rc1 Nc7 20. Qh5 Nce6 21. Nd5 Nb3
22. Rcd1 Ned4 23. Bf3 g6 24. Qg4 Qxg4 25. Bxg4 h5 26. Bh6 hxg4 27. Bxf8 Rxf8
28. hxg4 Nd2 0-1

[Event "1er 0pen des Pays de Champagne - open A"]
[Site "Recy"]
[Date "2010.05.15"]
[Round "5.4"]
[White "Guillart, Johan"]
[Black "Delmont, Jean Robert"]
[Result "1/2-1/2"]
[WhiteElo "1810"]
[BlackElo "1974"]
[PlyCount "81"]
[EventDate "2010.05.??"]
[EventType "swiss"]
[EventRounds "6"]
[EventCountry "FRA"]

1. e4 c5 2. Nf3 d6 3. d4 cxd4 4. Nxd4 Nf6 5. Nc3 g6 6. h4 Bg7 7. Be3 Nc6 8. Be2
d5 9. Nxc6 bxc6 10. e5 Ne4 11. Nxe4 dxe4 12. Qxd8+ Kxd8 13. Rd1+ Kc7 14. Bd4
Be6 15. Bc3 a5 16. h5 h6 17. hxg6 fxg6 18. a3 h5 19. Rh4 Bf5 20. Bc4 Rhd8 21.
Rxd8 Kxd8 22. Bf7 e6 23. g4 hxg4 24. Rh7 Bf8 25. Bd4 c5 26. Bxc5 Bxc5 27. Rh8+
Ke7 28. Rxa8 Kxf7 29. Rxa5 Be7 30. c4 e3 31. Ra7 exf2+ 32. Kxf2 Ke8 33. Kg3 Bc5
34. Ra8+ Kd7 35. b4 Bd4 36. Ra5 Bd3 37. Kxg4 Bxc4 38. Kg5 Bd5 39. Kf6 g5 40.
Kxg5 Bxe5 41. Kg6 1/2-1/2

[Event "1er 0pen des Pays de Champagne - open A"]
[Site "Recy"]
[Date "2010.05.15"]
[Round "5.5"]
[White "Defrance, Laurent"]
[Black "Parisot, Anthony"]
[Result "1-0"]
[WhiteElo "2199"]
[BlackElo "1657"]
[PlyCount "63"]
[EventDate "2010.05.??"]
[EventType "swiss"]
[EventRounds "6"]
[EventCountry "FRA"]

1. Nf3 d5 2. d4 c6 3. c4 e6 4. Nc3 dxc4 5. a4 Bb4 6. Bd2 b5 7. e3 Bb7 8. b3 a5
9. bxc4 Bxc3 10. Bxc3 b4 11. Bb2 Nf6 12. Bd3 Nbd7 13. O-O c5 14. Qc2 Qc7 15. e4
cxd4 16. Nxd4 Nc5 17. Nb5 Qe7 18. e5 Nxd3 19. Nd6+ Kf8 20. exf6 gxf6 21. Qxd3
Rd8 22. c5 Rg8 23. f3 f5 24. Qe3 Rg6 25. Nxb7 Qxb7 26. Rad1 Re8 27. Qe5 f6 28.
Qd6+ Kf7 29. Qb6 Qa8 30. c6 Rb8 31. Rd7+ Ke8 32. Qc5 1-0

[Event "1er 0pen des Pays de Champagne - open A"]
[Site "Recy"]
[Date "2010.05.15"]
[Round "5.6"]
[White "Zeroual, Mohamed"]
[Black "Barat, Jacques"]
[Result "1/2-1/2"]
[WhiteElo "1945"]
[BlackElo "1810"]
[PlyCount "34"]
[EventDate "2010.05.??"]
[EventType "swiss"]
[EventRounds "6"]
[EventCountry "FRA"]

1. Nf3 Nf6 2. c4 g6 3. d3 Bg7 4. g3 d6 5. Bg2 O-O 6. O-O Nc6 7. Nc3 e5 8. Bd2
h6 9. Rb1 a5 10. a3 Bf5 11. Nh4 Bd7 12. b4 Qc8 13. Nd5 Nxd5 14. Bxd5 Ne7 15.
Bg2 axb4 16. axb4 Kh7 17. e4 Bg4 1/2-1/2

[Event "1er 0pen des Pays de Champagne - open A"]
[Site "Recy"]
[Date "2010.05.15"]
[Round "5.7"]
[White "Digot, Jeremy"]
[Black "Barreaud, Samuel"]
[Result "0-1"]
[WhiteElo "1610"]
[BlackElo "1860"]
[PlyCount "92"]
[EventDate "2010.05.??"]
[EventType "swiss"]
[EventRounds "6"]
[EventCountry "FRA"]

1. d4 Nf6 2. c4 g6 3. Nc3 Bg7 4. e4 d6 5. Nf3 O-O 6. Be2 c5 7. dxc5 dxc5 8. Be3
Qa5 9. O-O Ng4 10. Bd2 e6 11. Ng5 Nf6 12. Nb5 Qb6 13. Bf4 Na6 14. Bd6 Rd8 15.
e5 Ne8 16. f4 Nb4 17. a3 Nc6 18. b4 Nxd6 19. exd6 cxb4+ 20. Kh1 Bxa1 21. Qxa1
Qe3 22. Qf6 Rf8 23. Bg4 Rb8 24. axb4 a6 25. Nc7 Qd4 26. Qxd4 Nxd4 27. Rd1 e5
28. d7 f5 29. dxc8=Q Rfxc8 30. fxe5 Rxc7 31. Rxd4 fxg4 32. Rxg4 Rbc8 33. c5 a5
34. h3 axb4 35. Rxb4 Re8 36. e6 h6 37. Nf7 Rxe6 38. Nxh6+ Kg7 39. Ng4 Rec6 40.
Nf2 Rxc5 41. Nd3 R5c6 42. Rg4 b5 43. h4 Rc4 44. Nf4 R7c6 45. h5 Kh6 46. hxg6
Kg7 0-1

[Event "1er 0pen des Pays de Champagne - open A"]
[Site "Recy"]
[Date "2010.05.15"]
[Round "5.8"]
[White "Petit, Christian Marie"]
[Black "Magnier, Christophe"]
[Result "1-0"]
[WhiteElo "1790"]
[BlackElo "1780"]
[PlyCount "75"]
[EventDate "2010.05.??"]
[EventType "swiss"]
[EventRounds "6"]
[EventCountry "FRA"]

1. e4 d5 2. exd5 Nf6 3. Bb5+ c6 4. dxc6 bxc6 5. Be2 e5 6. d3 Bc5 7. Nc3 Be6 8.
Nf3 Nbd7 9. Bg5 Rb8 10. b3 Bb4 11. Bd2 Qa5 12. Nb1 e4 13. Bxb4 Rxb4 14. Nfd2
Qe5 15. Na3 e3 16. fxe3 Qxe3 17. Nac4 Bxc4 18. Nxc4 Qd4 19. Rc1 Rb5 20. c3 Qf4
21. g3 Qc7 22. O-O O-O 23. Qd2 Nd5 24. Bf3 Ne5 25. Nxe5 Qxe5 26. d4 Qe3+ 27.
Qxe3 Nxe3 28. Rfe1 Nf5 29. Bxc6 Rb6 30. Be4 Nd6 31. Bd3 Rc8 32. c4 a5 33. c5
Rbc6 34. Re7 R8c7 35. Rxc7 Rxc7 36. Re1 Kf8 37. cxd6 Rd7 38. Bb5 1-0

[Event "1er 0pen des Pays de Champagne - open A"]
[Site "Recy"]
[Date "2010.05.15"]
[Round "5.9"]
[White "Louis, Andre"]
[Black "Rouffignac, Marie"]
[Result "1-0"]
[WhiteElo "1838"]
[BlackElo "1575"]
[PlyCount "73"]
[EventDate "2010.05.??"]
[EventType "swiss"]
[EventRounds "6"]
[EventCountry "FRA"]

1. e4 e5 2. Nf3 Nc6 3. Bc4 Bc5 4. O-O Nf6 5. d3 d6 6. Bg5 Bg4 7. Nbd2 Na5 8. c3
Nxc4 9. Qa4+ c6 10. Qxc4 Be6 11. Qa4 h6 12. Bh4 Bb6 13. d4 O-O 14. Rad1 Bc7 15.
dxe5 dxe5 16. Nc4 Qb8 17. Ne3 b5 18. Qc2 Nh5 19. Be7 Re8 20. Bc5 Nf4 21. b3 Ng6
22. Rd2 Bb6 23. Bd6 Bc7 24. Rfd1 Rd8 25. Nf5 Bxf5 26. exf5 Rxd6 27. Rxd6 Bxd6
28. fxg6 f6 29. Qd3 Be7 30. Qf5 Qc8 31. Rd7 Kh8 32. g4 Bc5 33. h4 Qe8 34. g5
hxg5 35. hxg5 Rd8 36. Qh3+ Kg8 37. Qh7+ 1-0

[Event "1er 0pen des Pays de Champagne - open A"]
[Site "Recy"]
[Date "2010.05.15"]
[Round "5.10"]
[White "Dhaynaut, Gilles"]
[Black "Vanderme, Yohann"]
[Result "1-0"]
[WhiteElo "1730"]
[BlackElo "1470"]
[PlyCount "53"]
[EventDate "2010.05.??"]
[EventType "swiss"]
[EventRounds "6"]
[EventCountry "FRA"]

1. c4 Nf6 2. Nc3 g6 3. Nf3 Bg7 4. g3 d6 5. Bg2 O-O 6. O-O Nc6 7. d4 Bf5 8. Nh4
Bg4 9. h3 Bd7 10. Be3 e5 11. dxe5 Nxe5 12. b3 Qc8 13. Kh2 Re8 14. Rc1 Neg4+ 15.
hxg4 Rxe3 16. fxe3 Nxg4+ 17. Kh1 Nxe3 18. Qd3 Bh6 19. Nd5 Nxd5 20. Bxd5 Bc6 21.
Kh2 Bxd5 22. Qxd5 Bxc1 23. Qxf7+ Kh8 24. Rh1 Qf8 25. Nxg6+ hxg6 26. Kg2+ Bh6
27. Qxg6 1-0

[Event "1er 0pen des Pays de Champagne - open A"]
[Site "Recy"]
[Date "2010.05.15"]
[Round "6.1"]
[White "Rigolot, Lucie"]
[Black "Neuhauser, Salome"]
[Result "1/2-1/2"]
[WhiteElo "1873"]
[BlackElo "2023"]
[PlyCount "123"]
[EventDate "2010.05.??"]
[EventType "swiss"]
[EventRounds "6"]
[EventCountry "FRA"]

1. e4 c5 2. Nf3 g6 3. d4 cxd4 4. Nxd4 Nc6 5. c4 Bg7 6. Be3 Nf6 7. Nc3 O-O 8.
Be2 d6 9. O-O Bd7 10. Nb3 a5 11. Nd2 Ne5 12. h3 Bc6 13. b3 Ned7 14. Rc1 Nc5 15.
Qc2 Qd7 16. Rfd1 Qe6 17. Bf3 Rfc8 18. Nd5 Bxd5 19. exd5 Qd7 20. a3 Na6 21. Qd3
Qd8 22. Rb1 Nd7 23. Qe2 Ne5 24. Be4 Nc5 25. Bc2 Ned7 26. Rdc1 Nb6 27. Re1 e5
28. dxe6 Nxe6 29. Be4 Qc7 30. Qf3 Rab8 31. Bxb6 Qxb6 32. Bd5 Re8 33. Ne4 Qd8
34. Rbd1 Be5 35. c5 Kg7 36. Nxd6 Bxd6 37. cxd6 Qd7 38. Qc3+ Kg8 39. Bxe6 Rxe6
40. Rxe6 Qxe6 41. Qc7 Qc8 42. Qxa5 Qc2 43. Re1 Qc6 44. Rd1 Qc2 45. Re1 Qc6 46.
Rd1 Qc2 47. Qd5 Rd8 48. g3 Kf8 49. Re1 Qc6 50. Qxc6 bxc6 51. Rd1 Ke8 52. a4 Kd7
53. b4 Ra8 54. a5 Rb8 55. Rd4 Rb5 56. Kf1 c5 57. bxc5 Rxc5 58. Ke2 Rxa5 59. Ke3
Re5+ 60. Kf4 Rf5+ 61. Ke3 Re5+ 62. Kf4 1/2-1/2